Mambré religión católica: recursos didácticos
Αποθηκεύτηκε σε:
| Κύριοι συγγραφείς: | , , |
|---|---|
| Μορφή: | Βιβλίο |
| Γλώσσα: | Ισπανικά |
| Έκδοση: |
Madrid
SM
1996
|
| Σειρά: | Educación Secundaria Obligatoria, 1
|
| Θέματα: | |
| Ετικέτες: |
Προσθήκη ετικέτας
Δεν υπάρχουν, Καταχωρήστε ετικέτα πρώτοι!
|
MARC
| LEADER | 00000nam a2200000 a 4500 | ||
|---|---|---|---|
| 001 | UCO3954 | ||
| 003 | CL-VaPUC | ||
| 008 | 000728e19960000SP |||||||||||||||||spa|d | ||
| 082 | 0 | 4 | |a 372.84 |b AGU |2 21 |
| 100 | 0 | |a Aguilera, Enrique |e author |9 448004 | |
| 700 | 0 | |a Gallart, Miguel |e author |9 448005 | |
| 700 | 0 | |a Olóriz, Jesús |e author |9 448006 | |
| 245 | 1 | 0 | |a Mambré religión católica: recursos didácticos |
| 300 | |a pág. irreg | ||
| 942 | |c BK | ||
| 945 | |d 20000728 00:00:00 |a cmena | ||
| 260 | |a Madrid |b SM |c 1996 | ||
| 500 | |a Incluye transparencias | ||
| 650 | 0 | |a Educación religiosa |9 308312 | |
| 650 | 0 | |a Vida religiosa |9 257284 | |
| 583 | |a last modification |c 20000728 00:00:00 |k Rodrigo Vera | ||
| 490 | 0 | |a Educación Secundaria Obligatoria, 1 | |
| 999 | |c 290054 |d 290052 | ||
| 952 | |0 0 |1 0 |4 0 |6 372_840000000000000_AGU_1996 |7 0 |8 A |9 339227 |a BIBTEO |b BIBTEO |d 2019-11-20 |i 3620468 |l 1 |o 372.84 AGU 1996 |p 3620468 |r 2025-01-17 |s 2024-08-21 |w 2019-11-20 |y BK |k ICR | ||